Проникновение мегаэлектронвольтных электронов в вещество; Труды II координационного совещания по дозиметрии больших доз, 25-30 октября 1965 г., г. Ташкент

Podrobná bibliografie
Parent link:Труды II координационного совещания по дозиметрии больших доз, 25-30 октября 1965 г., г. Ташкент.— 1966.— С. 212-215
Další autoři: Антонов В. М., Воробьев А. А. Александр Акимович, Евдокимов О. Б., Евстигнеев В. В. Владимир Васильевич, Кононов Б. А. Борис Александрович, Руденко В. Н.
Jazyk:ruština
Vydáno: 1966
Témata:
Médium: Kapitola
KOHA link:https://koha.lib.tpu.ru/cgi-bin/koha/opac-detail.pl?biblionumber=172081

MARC

LEADER 00000naa2a2200000 4500
001 172081
005 20231031164206.0
035 |a (RuTPU)RU\TPU\book\186562 
035 |a RU\TPU\book\186559 
090 |a 172081 
100 |a 20091210d1966 k y0rusy50 ca 
101 0 |a rus 
102 |a RU 
200 1 |a Проникновение мегаэлектронвольтных электронов в вещество  |f В. М. Антонов [и др.] 
320 |a Библиогр.: 9 назв. 
463 0 |0 (RuTPU)RU\TPU\book\186448  |t Труды II координационного совещания по дозиметрии больших доз, 25-30 октября 1965 г., г. Ташкент  |f Академия наук Узбекской ССР (АН УзССР), Институт ядерной физики (ИЯФ) ; под ред. В. В. Генералова  |v С. 212-215  |d 1966  |p 247 с. 
610 1 |a труды учёных ТПУ 
610 1 |a мегаэлектровольтные электроны 
610 1 |a рассеяние 
610 1 |a поглощенные дозы 
701 1 |a Антонов  |b В. М. 
701 1 |a Воробьев  |b А. А.  |c российский физик  |c ректор Томского политехнического института, профессор  |f 1909-1981  |g Александр Акимович  |2 stltpush  |3 (RuTPU)RU\TPU\pers\12805  |4 070 
701 1 |a Евдокимов  |b О. Б. 
701 1 |a Евстигнеев  |b В. В.  |c российский ученый, физик  |c профессор, зав. кафедрой ядерно-энергетических установок Томского политехнического института  |c Заслуженный деятель науки РФ  |c ректор Алтайского государственного технического университета им. И. И. Ползунова  |f 1937-2008  |g Владимир Васильевич  |2 stltpush  |3 (RuTPU)RU\TPU\pers\19783 
701 1 |a Кононов  |b Б. А.  |c российский физик  |c Заслуженный профессор Томского политехнического университета  |f 1930-  |g Борис Александрович  |2 stltpush  |3 (RuTPU)RU\TPU\pers\19802 
701 1 |a Руденко  |b В. Н. 
801 1 |a RU  |b 63413507  |c 20091210 
801 2 |a RU  |b 63413507  |c 20100205  |g RCR 
942 |c BK